Statistics for Countries by currency in 90 seconds

Click here to take the quiz!

General Stats

  • This quiz has been taken 2,104 times
  • The average score is 106 of 189

Answers on the Map

Answers color-coded by a green-red scale on the quiz's map according to % correct below.
Loading ...
 

Answer Stats

Country% Correct
Australia
100%
Liberia
99%
Singapore
99%
Canada
99%
Jamaica
99%
United States
99%
Kiribati
99%
Taiwan
99%
Trinidad and Tobago
99%
Grenada
99%
Brunei
99%
Dominica
99%
Suriname
99%
Namibia
99%
Belize
99%
Nauru
99%
Guyana
99%
Saint Kitts and Nevis
99%
Tuvalu
99%
Federated States of
Micronesia
99%
Solomon Islands
99%
Antigua and Barbuda
99%
Saint Vincent and the
Grenadines
99%
Saint Lucia
99%
Fiji
99%
Barbados
99%
Bahamas
99%
Palau
99%
New Zealand
99%
Greece
97%
Germany
97%
France
97%
Finland
97%
Luxembourg
97%
Ireland
97%
Italy
97%
Latvia
97%
Lithuania
97%
Malta
97%
Monaco
97%
Spain
97%
Netherlands
97%
Portugal
97%
San Marino
97%
Slovenia
97%
Estonia
97%
Slovakia
97%
Vatican City
97%
Andorra
97%
Belgium
97%
Cyprus
97%
Austria
97%
Philippines
87%
Mexico
87%
Chile
87%
United Kingdom
87%
Colombia
87%
Uruguay
87%
Lebanon
87%
Argentina
87%
Syria
87%
South Sudan
87%
Cuba
87%
Sudan
87%
Egypt
87%
Dominican Republic
87%
Japan
84%
Russia
78%
Belarus
78%
Nepal
76%
Sri Lanka
76%
Pakistan
76%
India
76%
Mauritius
76%
Seychelles
76%
Djibouti
70%
Niger
70%
Equatorial Guinea
70%
Mali
70%
Benin
70%
Democratic Republic
of the Congo
70%
Switzerland
70%
Senegal
70%
Cote d'Ivoire
70%
Gabon
70%
Burkina Faso
70%
Rwanda
70%
Comoros
70%
Cameroon
70%
Burundi
70%
Republic of the Congo
70%
Togo
70%
Central African Republic
70%
Guinea-Bissau
70%
Guinea
70%
Chad
64%
China
64%
Denmark
59%
Norway
59%
Algeria
55%
Libya
55%
Jordan
55%
Bahrain
55%
Tunisia
55%
Serbia
55%
Iraq
55%
Kuwait
55%
Iceland
54%
Sweden
54%
Turkey
51%
Brazil
49%
North Korea
45%
South Korea
45%
Poland
40%
Iran
39%
Oman
39%
Yemen
39%
South Africa
37%
Thailand
34%
Somalia
34%
Tanzania
34%
Kenya
34%
Uganda
34%
Indonesia
29%
Saudi Arabia
29%
Qatar
29%
Venezuela
26%
Bosnia and
Herzegovina
26%
Peru
25%
Morocco
25%
United Arab Emirates
25%
Bulgaria
24%
Czech Republic
24%
Vietnam
23%
Moldova
22%
Romania
22%
Macedonia
21%
Albania
21%
Croatia
19%
Hungary
17%
Israel
17%
Kyrgyzstan
17%
Malaysia
17%
Uzbekistan
17%
Bolivia
16%
Azerbaijan
14%
Turkmenistan
14%
Paraguay
14%
Ukraine
12%
Afghanistan
12%
Cambodia
12%
Guatemala
12%
Kazakhstan
11%
El Salvador
10%
Costa Rica
10%
Cape Verde
10%
Armenia
10%
Angola
9%
Mongolia
9%
Laos
8%
Nicaragua
8%
Ethiopia
8%
Tajikistan
8%
Burma
8%
Georgia
7%
Zambia
7%
Bangladesh
7%
Panama
7%
Papua New Guinea
7%
Malawi
7%
Maldives
6%
Nigeria
6%
Honduras
5%
Samoa
5%
Botswana
4%
Haiti
4%
Eritrea
4%
Ghana
4%
Madagascar
4%
Mozambique
4%
Gambia
3%
Tonga
3%
São Tomé and Príncipe
3%
Lesotho
3%
Vanuatu
3%
Mauritania
3%
Sierra Leone
3%
Bhutan
2%
Swaziland
2%

Score Distribution

Percentile by Number Answered

Percent of People with Each Score

Your Score History

You have not taken this quiz